Confieso que he vivido. Quinta versión. 2020.
Guardat en:
| Autor corporatiu: | , |
|---|---|
| Format: | Llibre |
| Idioma: | espanyol |
| Publicat: |
Chile:
Servicio Nacional del Adulto Mayor,
2020.
|
| Matèries: | |
| Etiquetes: |
Afegir etiqueta
Sense etiquetes, Sigues el primer a etiquetar aquest registre!
|
MARC
| LEADER | 00000nam a22000007a 4500 | ||
|---|---|---|---|
| 003 | CL-VaPUC | ||
| 005 | 20250429104746.0 | ||
| 008 | 250130t2020 ||||| |||| 00spa eng d | ||
| 999 | |c 449224 |d 449222 | ||
| 040 | |c Pontificia Universidad Católica de Valparaíso | ||
| 082 | |a Ch868 SER 2020 |2 22 | ||
| 110 | |9 896000 |a Servicio Nacional del Adulto Mayor (SENAMA) |e autor | ||
| 245 | |a Confieso que he vivido. |b Quinta versión. 2020. | ||
| 260 | |a Chile: |b Servicio Nacional del Adulto Mayor, |c 2020. | ||
| 300 | |a 97 páginas: |b ilustraciones. | ||
| 500 | |a c.1-3: Instituto Arcos.08-01-2025. | ||
| 583 | |c 20250130 |k Yessy Sthefany Diaz Vidal | ||
| 650 | 0 | |9 308278 |a Literatura chilena |x Relatos autobiográficos |x Abuelos |v Cuentos, poesías, etc. | |
| 650 | 0 | |9 504905 |a Concurso literario |x Adultos mayores |z Región de Valparaíso, Chile | |
| 710 | |9 859480 |a Ministerio de las Culturas, las Artes y el Patrimonio, |b Plan Regional de Lectura, 2017-2022 |e autor | ||
| 942 | |2 ddc |c BK |n 1 | ||
| 952 | |0 0 |1 0 |2 ddc |4 0 |6 CH_868_000000000000000_SER_2020 |7 0 |8 A |9 602788 |a BIBINC |b BIBINC |d 2025-04-29 |e Instituto Arcos |i 5667343 |o Ch868 SER 2020 |p 5667343 |r 2025-04-29 |t 1 |w 2025-04-29 |y BK |k IFP | ||
| 952 | |0 0 |1 0 |2 ddc |4 0 |6 CH_868_000000000000000_SER_2020 |7 0 |8 A |9 602789 |a BIBINC |b BIBINC |d 2025-04-29 |e Instituto Arcos |i 5667344 |o Ch868 SER 2020 |p 5667344 |r 2025-04-29 |t 2 |w 2025-04-29 |y BK |k IFP | ||
| 952 | |0 0 |1 0 |2 ddc |4 0 |6 CH_868_000000000000000_SER_2020 |7 0 |8 A |9 602790 |a BIBINC |b BIBINC |d 2025-04-29 |e Instituto Arcos |i 5667345 |o Ch868 SER 2020 |p 5667345 |r 2025-04-29 |t 3 |w 2025-04-29 |y BK |k IFP | ||